|
|
|
|
| LEADER |
00000cam a2200000 7i4500 |
| 001 |
0000024713 |
| 005 |
20130227.0 |
| 008 |
my a may |
| 020 |
|
|
|a 9834272421 ,
|c RM87.00
|
| 040 |
|
|
|a INS
|
| 090 |
0 |
0 |
|a DS597.215.M3
|b J45 2007
|
| 245 |
0 |
0 |
|a Jejak bakti :
|b Sumbangan Tun Dr. Mahathir Mohammad dalam bidang kejuruteraan
|c editor umum Rejab FI, Noprdin Saad
|
| 260 |
|
|
|a Perlis :
|b Universiti Malaysia Perlis ,
|c 2007
|
| 300 |
|
|
|a v,90ms. :
|b ill. ;
|c 26cm.
|
| 500 |
|
|
|a Mengandungi rujukan bibliografi dan indeks
|
| 600 |
1 |
0 |
|a Mahathir Mohamad ,
|c Tun, ,
|d 1925 -
|
| 600 |
1 |
0 |
|a Mahathir Mohamad ,
|c Tun, ,
|d 1925 -
|x Contributions in engineering
|
| 650 |
|
0 |
|a Engineering
|z Malaysia
|x History
|
| 700 |
0 |
|
|a Nordin Saad
|
| 700 |
0 |
|
|a Rejab FI
|
| 999 |
|
|
|a 1000001095
|b BOOK
|c Open Shelf
|e Default branch
|